000 00481nam a2200169 a 4500
001 9690
005 20180713193715.0
008 140415s1983 000 0 spa d
041 _aspa
082 _a410.9
_bSER
100 1 _aSERRANO, SEBASTIA
245 1 3 _aLA LINGšISTICH :
_bSU HISTORIA Y SU DESARROLLO
260 _a[s.l.] :
_bMONTESINOS EDITOR,
_c1983
300 _a161
490 _aBIBLIOTECA DE DIVULGACION TEMATICA
_v22
650 1 4 _aLINGISTICA HISTORICA
999 _c9690
_d9690